00666nam a2200217 a 450000100060000000300080000600500170001400800410003103500190007204000380009104100080012908200250013710000320016224500590019425000120025326000320026530000590029750400200035665000280037665100440040422033BD-RjUL20211209000747.0140306s1947 enka 001 0 eng d a(BD-RjUL)22098 aNZOCbengcNZOCdABN-SNRdBD-RjUL aeng04a942.03219bHAM 19471 aHarrison, Frederick,d1884-10aMedieval man and his notions /cby Frederick Harrison. a1st ed. aLondon :bJ. Murray,c1947. aviii, 276 p., [13] leaves of plates :bill., ;c19 cm. aIncludes index. 0aCivilization, Medieval. 0aGreat BritainxCivilizationy1066-1485.